Online Catalogue and eLibrary

Between two worlds : (Record no. 2859)

MARC details
000 -LEADER
fixed length control field 00474nam a2200181Ia 4500
005 - DATE AND TIME OF LATEST TRANSACTION
control field 20240604050145.0
008 - FIXED-LENGTH DATA ELEMENTS--GENERAL INFORMATION
fixed length control field 240331s9999 xx 000 0 und d
020 ## - INTERNATIONAL STANDARD BOOK NUMBER
ISBN 9556250026
082 ## - DDC Classification
Item Number - Author Mark BET
Class No. 346
245 #0 - TITLE STATEMENT
Title Between two worlds :
Remainder of title muslim women in amulti-Ethnic society
260 ## - PUBLICATION, DISTRIBUTION, ETC.
Place of publication, distribution, etc. Sri Lanka
Name of publisher, distributor, etc. Muslim Women's Research and Action Forum
Date of publication, distribution, etc. 1999
300 ## - PHYSICAL DESCRIPTION
Extent (e.g. Volumes, Pages etc.) 102 p .,
650 ## - SUBJECT ADDED ENTRY--TOPICAL TERM
Topical term or geographic name entry element Woman
650 ## - SUBJECT ADDED ENTRY--TOPICAL TERM
Topical term or geographic name entry element Laws
650 ## - SUBJECT ADDED ENTRY--TOPICAL TERM
Topical term or geographic name entry element Society
700 ## - ADDED ENTRY--PERSONAL NAME
Personal name MWRAF
Relator term (Role) Editor
942 ## - Koha item type (Biblio)
Koha item type Books in Stacks (Lending)
Holdings
Lost status Damaged status Collection code Home library Current library Shelving location Date acquired Full call number Accession Number Item type
    Lending WERC Library WERC Library Social Science Cupboard 03/31/2024 346.01 BET 5795 Books in Stacks (Lending)

© WERC Library